[Event "Hennef op 20th"]
[Site "Hennef"]
[Date "2006.12.06"]
[Round "5"]
[White "Herbst, Karl Friedrich"]
[Black "Leven, Heinrich"]
[Result "1/2-1/2"]
[WhiteElo "1539"]
[BlackElo "1406"]
[PlyCount "49"]
[EventDate "2006.11.08"]
[EventType "swiss"]
[EventRounds "7"]
[EventCountry "GER"]
[SourceTitle "EXT 2009"]
[Source "ChessBase"]
[SourceDate "2008.11.26"]
[SourceVersion "1"]
[SourceVersionDate "2008.11.26"]
[SourceQuality "1"]
[BlackTeam "Germany"]
[BlackTeamCountry "GER"]

1. e4 e5 2. Nf3 Nc6 3. Bb5 d6 4. 0-0 Bd7 5. c3 Nf6 6. Re1 Be7 7. d4 a6 8. Ba4 b5 9. Bc2 0-0 10. Nbd2 a5 11. Nf1 b4 12. Ne3 Ng4 13. Nf5 Nf6 14. Nxe7+ Qxe7 15. Bg5 h6 16. Bh4 Nd8 17. Qd2 Ne6 18. dxe5 dxe5 19. Nxe5 g5 20. Bg3 Rfd8 21. Qe3 Nh5 22. Rad1 Nxg3 23. hxg3 Bb5 24. Nd3 Kg7 25. e5 1/2-1/2